• 首页
  • 本馆介绍
  • 公告通知
  • 最新文献
  • 馆藏检索
  • 电子资源
  • 读者导购
  • 参考咨询
  • 我的图书馆
  • 登录
  • 详细信息显示
  • 放入我的书架
  • 预约/预借图书
  • 作者相关作品
  • 分类相关作品
  • 丛书相关作品
  • 出版社相关作品

书目信息

  • 表格格式
  • 工作单格式
  • 卡片格式
题名:
无人飞行器梯度风滑翔建模与控制
    
 
作者: 朱炳杰 著
分册:  
出版信息: 北京   国防工业出版社  2020.7
页数: 168页
开本: 24cm
丛书名:
单 册:
中图分类: V47
科图分类:
主题词: 无人驾驶飞行器--滑翔--研究
电子资源:
ISBN: 978-7-118-12113-1
000 01347nam0 2200277 45
001 012001000565
005 20130911154542.0
010    @a978-7-118-12113-1@dCNY78.00
100    @a20201026d2020 em y0chiy50 ea
101 0  @achi
102    @aCN@b110000
105    @aa z 000yy
106    @ar
200 1  @a无人飞行器梯度风滑翔建模与控制@Awu ren fei xing qi ti du feng hua xiang jian mo yu kong zhi@b专著@f朱炳杰[等]著
210    @a北京@c国防工业出版社@d2020.7
215    @a168页@c图@d24cm
300    @a并列题名:Modeling and control for unmanned aerial vehicles by dynamic soaring in gradient wind
304    @a著者还有:候中喜、高显忠、单上求
312    @a封面英文题名:Modeling and control for unmanned aerial vehicles by dynamic soaring in gradient wind
330    @a本书深入分析了无人飞行器梯度风动态滑翔这一特殊飞行模式,通过飞行器动力学建模、梯度风动态滑翔能量获取机理分析、航迹优化方法、梯度风能利用策略分析、梯度风动态滑翔系统的平衡稳定性分析、梯度风动态滑翔的最优控制等,为无人飞行器利用梯度风能实现长航时和远距离飞行提供了基本的设计思路和分析方法。
510 1  @aModeling and control for unmanned aerial vehicles by dynamic soaring in gradient wind@zeng
606 0  @a无人驾驶飞行器@x滑翔@x研究
690    @aV47@v5
701  0 @a朱炳杰@Azhu bing jie@4著
801  0 @aCN@bBJSDL@c20211011
905    @b1335465-8@dV47@e73@f4
    
    无人飞行器梯度风滑翔建模与控制/朱炳杰[等]著.-北京:国防工业出版社,2020.7
    168页:图;24cm
    并列题名:Modeling and control for unmanned aerial vehicles by dynamic soaring in gradient wind
    
    ISBN 978-7-118-12113-1:CNY78.00
    本书深入分析了无人飞行器梯度风动态滑翔这一特殊飞行模式,通过飞行器动力学建模、梯度风动态滑翔能量获取机理分析、航迹优化方法、梯度风能利用策略分析、梯度风动态滑翔系统的平衡稳定性分析、梯度风动态滑翔的最优控制等,为无人飞行器利用梯度风能实现长航时和远距离飞行提供了基本的设计思路和分析方法。
●
相关链接 在E读中查询图书 在五车中查询图书 在当当中查询图书 在豆瓣中查询图书


正题名:无人飞行器梯度风滑翔建模与控制     索取号:V47/73         预约/预借

序号 登录号 条形码 馆藏地/架位号 状态 备注
1 1335465   213354653   第二样本阅览室/ [索取号:V47/73] 在馆    
2 1335466   213354662   第三借阅区/ [索取号:V47/73] 在馆    
3 1335467   213354671   第三借阅区/ [索取号:V47/73] 在馆    
4 1335468   213354680   第三借阅区/ [索取号:V47/73] 在馆    
唐山师范学院图书馆 欢迎您!
大连网信软件有限公司© 版权所有